Sermons du pere de La Roche, prêtre de l'Oratoire de Jesus. Pour le careme

Detalles Bibliográficos
Autor principal: La Roche, Jean de m. 1711
Formato: Libro
Lenguaje:French
Publicado: a Paris 1753
Materias:
Colección:Banco de datos
Acervo:Biblioteca de la Congregación del Oratorio de San Felipe Neri de México. Iglesia La Profesa
Descripción Física:4 t. 8°
Tema general:Homilética
Notas:Portada tipográfica con viñeta y pleca en grabado xilográfico. Texto a renglón seguido con apostillas marginales. Incluyen cabeceras de título en grabado xilográfico. Incluyen capitulares floreadas en grabado xilográfico. Cada tomo con portada y numeración propias. Año de los t. 1-3 publicados en 1753. Paginación: t. 1 455 p.; t. 2 462 p., [1] h.; t. 3 279 p., [1] h. Encuadernación en piel sobre cartón (7910-7912). Sello en tinta del Oratorio de San Felipe Neri de México. Biblioteca La Profesa, D.F.(7910-7912). Daños de polilla (7910, 7911). Daños de humedad y polilla (7912)
LEADER 01209nam a22001810004500
035 |a 3615 
041 0 |a fre 
100 1 |a La Roche, Jean de  |d m. 1711 
245 1 0 |a Sermons du pere de La Roche, prêtre de l'Oratoire de Jesus. Pour le careme 
260 |a a Paris  |b chez Durand, libraire  |c 1753 
300 |a 4 t.  |c 8° 
500 |a Portada tipográfica con viñeta y pleca en grabado xilográfico. Texto a renglón seguido con apostillas marginales. Incluyen cabeceras de título en grabado xilográfico. Incluyen capitulares floreadas en grabado xilográfico. Cada tomo con portada y numeración propias. Año de los t. 1-3 publicados en 1753. Paginación: t. 1 455 p.; t. 2 462 p., [1] h.; t. 3 279 p., [1] h. Encuadernación en piel sobre cartón (7910-7912). Sello en tinta del Oratorio de San Felipe Neri de México. Biblioteca La Profesa, D.F.(7910-7912). Daños de polilla (7910, 7911). Daños de humedad y polilla (7912) 
504 |a Índice de contenido 
650 1 0 |a Homilética 
949 |a Iglesia La Profesa, Biblioteca t. 1 (7910); t. 2 (7911); t. 3 (7912) 
942 |c PROFESA 
943 |g Biblioteca de la Congregación del Oratorio de San Felipe Neri de México. Iglesia La Profesa 
999 |c 950426  |d 950426